00772cam a22002414a 45000010009000000050017000090080041000260100017000670200035000840400018001190410008001370420008001450800019001530820023001721000007001951010008002022450064002105040064002749060045003389420012003839990017003959520118004121286501920180208032700.0020722s2003 nhua b 001 0 eng  a 2002011670 a0867095199 (pbk. : alk. paper) aDLCcDLCdDLC aeng apcc a428.40712 KYL00a428.40712 KYL2211 a48 aPSI10aWhen kids can't read, what teachers can do :cKylene Beers. aIncludes bibliographical references (p. 369-378) and index. a7bcbccorignewd1eecipf20gy-gencatlg 2ddccBK c42061d42061 00102udc40708PËKGa002b002cPËKGd2018-02-08l0o428.40712 KYLp002-2999232r2018-02-08w2018-02-08yBK